Zur Problematik der französischen Militärpolitik und Militärdoktrin in der Zeit zwischen den Weltkriegen

Uloženo v:
Podrobná bibliografie
Hlavní autor: Wieland, Volker (Autor)
Médium: Kniha
Jazyk:němčina
Vydáno: Boppard Herld Boldt 1973
Edice:Militätrgeschichtliche Studien, 15
Témata:
Tagy: Přidat tag
Žádné tagy, Buďte první, kdo vytvoří štítek k tomuto záznamu!

MARC

LEADER 00000nam a2200000 a 4500
001 UCN9936
003 CL-VaPUC
008 011221e19730000gw |||||||||||||||||ger|d
082 0 4 |a 355.00944  |b WIE  |2 21 
100 0 |a Wieland, Volker  |e author  |9 466444 
245 1 0 |a Zur Problematik der französischen Militärpolitik und Militärdoktrin in der Zeit zwischen den Weltkriegen 
300 |a 290 p 
942 |c BK 
945 |d 20011221 00:00:00  |a crobeson 
260 |a Boppard  |b Herld Boldt  |c 1973 
650 7 |a HISTORIA MILITAR 1919-1936  |2 CL-VaPUC  |9 466445 
650 7 |a POLITICA MILITAR  |2 CL-VaPUC  |9 315348 
650 0 |a Doctrinas políticas  |9 255835 
651 0 |a Francia  |9 255157 
583 |a last modification  |c 20180109 10:25:54  |k Rodrigo Vera 
490 0 |a Militätrgeschichtliche Studien, 15 
999 |c 299032  |d 299030 
952 |0 0  |1 0  |4 0  |6 355_009440000000000_WIE_1973  |7 0  |8 A  |9 355153  |a BIBHIS  |b BIBHIS  |d 2019-11-21  |i 3742865  |o 355.00944 WIE 1973  |p 3742865  |r 2025-01-20  |w 2019-11-21  |y BK  |k HIS